000 00388cam a22001457a 4500
008 180718b1851 xxu||||| |||| 00| 0 eng d
082 _aAB2 P26
100 _aPascal, Blaise
245 _aProvincial letters of Blaise Pascal
_cby Blaise Pascal
260 _aEdinburgh
_bJohnstone and Hunter
_c1851
300 _a348p.
650 _aPort Royal
650 _aJansenists
650 _aJesuits
999 _c432567
_d432567